Human stem cell manual: a laboratory guide (Record no. 31747)

MARC details
000 -LEADER
fixed length control field 00741nam a2200169 a 4500
008 - FIXED-LENGTH DATA ELEMENTS--GENERAL INFORMATION
fixed length control field 160216s2007 ||||||||||||||||| || u
020 ## - INTERNATIONAL STANDARD BOOK NUMBER
International Standard Book Number 9780123704658
050 ## - LIBRARY OF CONGRESS CALL NUMBER
Classification number QH 440.5 Hum
100 ## - MAIN ENTRY--PERSONAL NAME
Personal name Loring, Jeanne F
245 10 - TITLE STATEMENT
Title Human stem cell manual: a laboratory guide
Statement of responsibility, etc. Edited by Jeanne F. Loring, Robin L. Wesselschmidt [and] Philip H. Schwartz
260 ## - PUBLICATION, DISTRIBUTION, ETC.
Place of publication, distribution, etc. California
Name of publisher, distributor, etc. Academic Press/Elsevier
Date of publication, distribution, etc. 2007
300 ## - PHYSICAL DESCRIPTION
Extent xxiii, 461p.:ill.
350 ## -
-- 103.00
650 ## - SUBJECT ADDED ENTRY--TOPICAL TERM
Topical term or geographic name entry element CELL CULTURE TECHNIQUES -- LABORATORY MANUALS
650 #3 - SUBJECT ADDED ENTRY--TOPICAL TERM
Topical term or geographic name entry element EMBRYONIC DEVELOPMENT
995 ## -
-- MEDICAL LIBRARY OPEN ACCESS
-- 903386
-- CBU-SCHOOL OF MEDICINE LIBRARY (Ndola)
-- 103.00
-- QH 440.5 Hum
-- 1
-- AVAILABLE
-- Feb 16, 2016
-- 903386
-- Medical Library Open Access Collection
999 ## -
-- 31747
-- 31747
Holdings
Withdrawn status Lost status Source of classification or shelving scheme Damaged status Not for loan Permanent Location Current Location Shelving location Date acquired Total Checkouts Full call number Barcode Date last seen Price effective from Koha item type
          CBU-SCHOOL OF MEDICINE LIBRARY, NDOLA. CBU-SCHOOL OF MEDICINE LIBRARY, NDOLA.   11/30/2022   QH 440.5 Hum 903386 11/30/2022 11/30/2022 MONOGRAPH